|
|
|
|
| LEADER |
00000nam a22000007a 4500 |
| 008 |
210325b2020 ||||| |||| 00| | spa d |
| 999 |
|
|
|c 3916
|d 3916
|
| 090 |
|
|
|a 06.03.06
|b 2596
|
| 100 |
|
|
|9 2089
|a Chinchilla Jiménez, Roxana
|
| 245 |
1 |
0 |
|a Aportes de la familia y el personal docente en la promoción de los factores de permanencia en el estudiantado de secundaria /
|
| 260 |
|
|
|a [San José, Costa Rica] :
|b INIE,
|c 2020
|
| 300 |
|
|
|a 104 páginas
|
| 500 |
|
|
|a Informe final de Proyecto de Investigación Nº 724- B7- 08
|
| 650 |
|
0 |
|9 456
|a EDUCACIÓN SECUNDARIA
|
| 650 |
|
0 |
|9 1377
|a FACTORES DE PERMANENCIA
|
| 650 |
|
0 |
|9 1021
|a RELACIONES ENTRE DOCENTES Y ALUMNOS
|
| 650 |
|
0 |
|9 4265
|a MEDIO FAMILIAR
|
| 650 |
|
0 |
|9 1483
|a ORIENTACIÓN PEDAGÓGICA
|
| 650 |
|
0 |
|9 2572
|a SISTEMA EDUCATIVO
|
| 700 |
1 |
|
|9 160
|a Jiménez Segura, Flor
|
| 942 |
|
|
|i 004651
|h 06.03.06 2596
|2 z
|c 04
|